| 000 | 00486nam a2200157Ia 4500 | ||
|---|---|---|---|
| 003 | SGT | ||
| 020 | _a9788120337886 | ||
| 082 |
_a6.6 _bJOH |
||
| 100 | _aJohn,K.C | ||
| 245 | _aEngineering Graphics for degree | ||
| 260 |
_bPHI Learning Private Limited _aNew Delhi _c2009 |
||
| 300 | _a379p. | ||
| 650 | _aCOMPUTER SCIENCE | ||
| 653 | _aMODULE A: PRELIMINARIES,MODULE B: TOW-DIMENSIONAL DRAWINGS,THREE-DIMENSIONAL DRAWINGS,DRAWING OF SURFACES,PICTORIAL DRAWINGS | ||
| 942 |
_2ddc _cBK _05 |
||
| 999 |
_c4978 _d4978 |
||